El método
Guardado en:
| Autor principal: | |
|---|---|
| Formato: | Libro |
| Lenguaje: | español |
| Publicado: |
Madrid
Cátedra
1997
|
| Edición: | 3a. ed |
| Colección: | Colección Teorema. Serie Mayor
|
| Materias: | |
| Etiquetas: |
Agregar Etiqueta
Sin Etiquetas, Sea el primero en etiquetar este registro!
|
MARC
| LEADER | 00000nam a2200000 a 4500 | ||
|---|---|---|---|
| 001 | UCO5322 | ||
| 003 | CL-VaPUC | ||
| 008 | 000901e19970000SP |||||||||||||||||spa|d | ||
| 082 | 0 | 4 | |a 121 |b MOR |2 21 |
| 100 | |a Morin, Edgar |e autor |9 459920 | ||
| 245 | 1 | 3 | |a El método |
| 250 | |a 3a. ed | ||
| 300 | |a v | ||
| 942 | |c BK | ||
| 945 | |d 20000901 00:00:00 |a vberengu | ||
| 260 | |a Madrid |b Cátedra |c 1997 | ||
| 500 | |a v.2: La vida de la vida | ||
| 650 | 0 | |a Teoría del conocimiento |9 255038 | |
| 650 | 0 | |a Investigación científica |9 259857 | |
| 650 | 0 | |a Métodos de investigación |9 262618 | |
| 583 | |a last modification |c 20141114 01:58:51 |k Rodrigo Vera | ||
| 490 | 0 | |a Colección Teorema. Serie Mayor | |
| 999 | |c 291221 |d 291219 | ||
| 952 | |0 0 |1 0 |4 0 |6 121_000000000000000_MOR_1997 |7 0 |8 A |9 341008 |a BIBEDU |b BIBEDU |c ES_NOD |d 2019-11-20 |h v.2 |i 3644251 |o 121 MOR 1997 |p 3644251 |r 2023-08-09 |w 2019-11-20 |y BK |k PSI | ||